000 01548nam2a2200277 4500
001 RU\NLR\BIBL_A\022152148
005 20250625141932.0
035 _a(NLR Aleph) 022152148
090 _a12895901
_c12895901
100 _a20080428d1912 |||y0rusy50 ca
101 0 _arus
102 _aRU
105 _ay z 000yy
200 0 _aТ. 1
210 _d1912
_aБ. м.
215 _a354, II с.
316 _aЭкз. РНБ (шифр 131/2599(1)) со штампом на нахзаце: "Книжная лавка писателей"
_5NLR
327 1 _aСодерж. разд.: Дела небесныя; Ивиковы журавли; Достойнейшие; Тарантулы; Гг. дворяне; Традиционная гуманность; О Толстом
461 0 _1001v19\rc\1940732
_12001#$aРодныя картинки$e[фельетоны]$fАлександр Яблоновский$vТ. 1
_1700#1$aЯблоновский$bА. А.$f1870-1934$gАлександр Александрович$3RU\NLR\AUTH\7775513
_96652364
_aЯблоновский, А. А. (1870-1934)
_cМосква
_d1912-1913
_fАлександр Яблоновский
_nТипография Т-ва И. Д. Сытина
_o[фельетоны]
_p3 т.
_tРодныя картинки
_vТ. 1
712 0 2 _4390
_aКнижная лавка писателей
_cЛенинград
_9864385
_3RU\NLR\AUTH\880599720
852 _aNLR
_j38.36.6.73(1)
852 _aNLR
_j131/2599(1)
942 _cBOOK
980 _aNB